000 00843cam a2200217 4500
001 WB3713-35
008 000000n2001 000 0 eng u
035 _a(Sirsi) u111721
245 _aBlair tackles ministry amid rising tension
260 _c2001
490 _aFinancial Times
_v 29 March 2001, 4(2)
520 _aDiscussion of the reasons behind the Prime Minister's decision to take command of the foot and mouth crisis. Describes how leading epidemiologists warned that drastic measures were needed to bring the disease under control and also widespread criticism of the ability of MAFF to handle the crisis.
590 _aWB
650 _aFOOT-AND-MOUTH DISEASE
650 _aMAFF
650 _aPRIME MINISTER
650 _aMINISTRY OF DEFENCE
650 _aCOBRA
690 _aRURAL-AGRICULTURE AND FORESTRY
942 _n0
999 _c66562
_d66562